[Event "Incheon op (Women) 4th"]
[Site "Incheon"]
[Date "2013.07.02"]
[Round "4"]
[White "Nguyen, Thi Thanh An"]
[Black "Tay, Li Jin Jeslin"]
[Result "0-1"]
[WhiteElo "2234"]
[BlackElo "2056"]
[PlyCount "104"]
[EventDate "2013.06.30"]
[EventType "swiss"]
[EventRounds "7"]
[EventCountry "KOR"]
[SourceTitle "CBM 155 Extra"]
[Source "ChessBase"]
[SourceDate "2013.08.26"]
[SourceVersion "1"]
[SourceVersionDate "2013.08.26"]
[SourceQuality "1"]

1. d4 d5 2. c4 e6 3. Nf3 c6 4. Qc2 dxc4 5. Qxc4 b5 6. Qd3 Bb7 7. g3 Nf6 8. Bg2 Nbd7 9. 0-0 Qb6 10. a4 a6 11. Bd2 b4 12. e4 Be7 13. e5 Nd5 14. Bg5 c5 15. Nbd2 0-0 16. Rac1 a5 17. Rfe1 cxd4 18. Bxe7 Nxe7 19. Nc4 Qa6 20. Qxd4 Bd5 21. Ne3 Rad8 22. Nxd5 Nxd5 23. Bf1 Qb6 24. Qh4 Nc5 25. Rc4 f5 26. Rxc5 Qxc5 27. Ng5 h6 28. Nxe6 Qe7 29. Qxe7 Nxe7 30. Nxd8 Rxd8 31. Bc4+ Kh7 32. b3 Rd4 33. e6 Re4 34. Rd1 Kg6 35. Rd8 Kf6 36. Rf8+ Ke5 37. Rf7 Kd6 38. Rxg7 Rxc4 39. bxc4 b3 40. c5+ Kxe6 41. Rh7 Nc6 42. Rxh6+ Kd5 43. Rd6+ Kxc5 44. Rd1 Kb4 45. h4 Kxa4 46. h5 Ne5 47. h6 Ng6 48. Kf1 b2 49. Ke2 Kb3 50. Kd2 a4 51. Re1 a3 52. Re3+ Ka2 0-1

[Event "Incheon op (Women) 4th"]
[Site "Incheon"]
[Date "2013.07.02"]
[Round "5"]
[White "Tay, Li Jin Jeslin"]
[Black "Sukandar, Irine Kharisma"]
[Result "0-1"]
[WhiteElo "2056"]
[BlackElo "2364"]
[PlyCount "62"]
[EventDate "2013.06.30"]
[EventType "swiss"]
[EventRounds "7"]
[EventCountry "KOR"]
[SourceTitle "CBM 155 Extra"]
[Source "ChessBase"]
[SourceDate "2013.08.26"]
[SourceVersion "1"]
[SourceVersionDate "2013.08.26"]
[SourceQuality "1"]

1. d4 Nf6 2. c4 e6 3. Nc3 Bb4 4. e3 0-0 5. Nge2 c6 6. a3 Ba5 7. b4 Bc7 8. e4 d6 9. Ng3 a5 10. Rb1 axb4 11. axb4 e5 12. d5 Bb6 13. Be2 Bd4 14. Bd2 Nbd7 15. 0-0 Re8 16. Qc2 Nf8 17. Nh5 Nxh5 18. Bxh5 Bd7 19. Ne2 Qh4 20. Bf3 cxd5 21. Nxd4 exd4 22. cxd5 Bb5 23. Rfc1 Ng6 24. Qc7 Ne5 25. Qxd6 Ra6 26. Qc7 Nxf3+ 27. Kh1 Nxd2 28. Qxb7 Rh6 29. h3 Qxe4 30. Qxb5 Rxh3+ 31. Kg1 Nf3+ 0-1

[Event "Asia-chT (Women) final 7th"]
[Site "Zaozhuang"]
[Date "2012.05.25"]
[Round "8.3"]
[White "Lei, Tingjie"]
[Black "Tay, Li Jin Jeslin"]
[Result "1-0"]
[WhiteElo "2154"]
[BlackElo "2080"]
[PlyCount "69"]
[EventDate "2012.05.17"]
[EventType "team-swiss"]
[EventRounds "9"]
[EventCountry "CHN"]
[SourceTitle "CBM 148 Extra"]
[Source "ChessBase"]
[SourceDate "2012.06.22"]
[SourceVersion "1"]
[SourceVersionDate "2012.06.22"]
[SourceQuality "1"]
[WhiteTeam "China (W) III"]
[BlackTeam "Singapore (W)"]
[WhiteTeamCountry "CHI"]
[BlackTeamCountry "SIN"]

1. e4 c5 2. Nf3 d6 3. d4 cxd4 4. Qxd4 Nc6 5. Bb5 Bd7 6. Bxc6 Bxc6 7. c4 Nf6 8. Nc3 g6 9. h3 Bg7 10. 0-0 0-0 11. Qe3 Nd7 12. Rd1 Qb6 13. Nd4 Rac8 14. b3 a6 15. Bb2 Nc5 16. Rac1 Rfe8 17. Ba1 Bd7 18. Nf3 e5 19. Nd5 Qc6 20. b4 Ne6 21. c5 Qb5 22. a4 Qxa4 23. Nb6 Qxb4 24. Nxd7 Nxc5 25. Nxc5 dxc5 26. Rd5 c4 27. Bxe5 f6 28. Bc3 Qe7 29. e5 fxe5 30. Nxe5 b5 31. Qb6 Qg5 32. Re1 Rb8 33. Qxa6 b4 34. Qxc4 Qe7 35. Rd8+ 1-0

[Event "Asia-chT (Women) final 7th"]
[Site "Zaozhuang"]
[Date "2012.05.19"]
[Round "3.3"]
[White "Lkhamsuren, Uuganbayar"]
[Black "Tay, Li Jin Jeslin"]
[Result "1-0"]
[WhiteElo "2139"]
[BlackElo "2080"]
[PlyCount "95"]
[EventDate "2012.05.17"]
[EventType "team-swiss"]
[EventRounds "9"]
[EventCountry "CHN"]
[SourceTitle "CBM 148 Extra"]
[Source "ChessBase"]
[SourceDate "2012.06.22"]
[SourceVersion "1"]
[SourceVersionDate "2012.06.22"]
[SourceQuality "1"]
[WhiteTeam "Mongolia (W)"]
[BlackTeam "Singapore (W)"]
[WhiteTeamCountry "MGL"]
[BlackTeamCountry "SIN"]

1. e4 c5 2. Nf3 d6 3. d4 cxd4 4. Nxd4 Nf6 5. Nc3 a6 6. h3 e6 7. g4 b5 8. Bg2 Bb7 9. 0-0 b4 10. Nd5 exd5 11. exd5 Be7 12. g5 Ng8 13. Re1 Qd7 14. c4 h6 15. Nb3 hxg5 16. c5 a5 17. Bxg5 Kf8 18. Bf4 a4 19. c6 Nxc6 20. dxc6 Bxc6 21. Nc5 Qc8 22. Ne4 d5 23. Nd6 Qd7 24. Bxd5 Rd8 25. Rc1 Bxd5 26. Qxd5 Nh6 27. Rc6 g5 28. Bg3 Bf6 29. Qc5 Kg7 30. Rc7 Qxh3 31. Qc4 Qh5 32. b3 axb3 33. axb3 Rdf8 34. Qd5 Ng4 35. Qf3 Qh3 36. Qg2 Qh5 37. Qf3 Qh3 38. Qg2 Qh7 39. Qf3 Qh5 40. Rc4 Ne5 41. Qxh5 Rxh5 42. Bxe5 Bxe5 43. Rxe5 Rfh8 44. Kf1 Ra8 45. Rxb4 Ra1+ 46. Kg2 Kg6 47. Rb6 Rah1 48. Ne8+ 1-0

[Event "Olympiad Women-39"]
[Site "Khanty-Mansiysk"]
[Date "2010.09.29"]
[Round "8.30"]
[White "Tay, Li Jin Jeslin"]
[Black "Leite Oralova, Catarina"]
[Result "1-0"]
[WhiteElo "2119"]
[BlackElo "2183"]
[PlyCount "81"]
[EventDate "2010.09.21"]
[EventType "team-swiss"]
[EventRounds "11"]
[EventCountry "RUS"]
[SourceTitle "CBM 139"]
[Source "ChessBase"]
[SourceDate "2010.11.18"]
[SourceVersion "1"]
[SourceVersionDate "2010.11.18"]
[SourceQuality "1"]
[WhiteTeam "Singapore (W)"]
[BlackTeam "Portugal (W)"]
[WhiteTeamCountry "SIN"]
[BlackTeamCountry "POR"]

1. d4 Nf6 2. c4 g6 3. Nc3 Bg7 4. e4 d6 5. h3 0-0 6. Bg5 c5 7. d5 a6 8. a4 Qa5 9. Bd3 e6 10. Nf3 exd5 11. cxd5 Re8 12. 0-0 c4 13. Bc2 Nbd7 14. Bf4 Qb4 15. Qd2 Ne5 16. Nxe5 dxe5 17. Be3 Nd7 18. a5 Bf8 19. Ra4 Qd6 20. Rxc4 b5 21. axb6 Bb7 22. Rc7 Rab8 23. Rxd7 Qxd7 24. Ba4 Qd6 25. Bxe8 Rxe8 26. Na4 f5 27. f3 Be7 28. Bc5 Qd7 29. Qa5 Bg5 30. Bf2 Bc8 31. Nc5 Qg7 32. Nxa6 fxe4 33. fxe4 Bf4 34. Nc5 Qh6 35. Qc3 Bd2 36. Qd3 Bb4 37. Qb5 Rf8 38. Qxb4 Bxh3 39. Ne6 Bxe6 40. dxe6 g5 41. e7 1-0

[Event "Asia-chT (Women) 6th Tata Steel"]
[Site "Kolkata"]
[Date "2009.12.26"]
[Round "5"]
[White "Tay, Li Jin Jeslin"]
[Black "Le, Thanh Tu"]
[Result "0-1"]
[WhiteElo "2099"]
[BlackElo "2344"]
[PlyCount "74"]
[EventDate "2009.12.22"]
[EventType "team-swiss"]
[EventRounds "7"]
[EventCountry "IND"]
[SourceTitle "EXT 2020"]
[Source "ChessBase"]
[SourceDate "2019.10.17"]
[SourceVersion "1"]
[SourceVersionDate "2019.10.17"]
[SourceQuality "1"]
[WhiteTeam "Singapore (W)"]
[BlackTeam "Vietnam (W)"]
[WhiteTeamCountry "SIN"]
[BlackTeamCountry "VIE"]

1. d4 c5 2. c4 Nf6 3. Nf3 e6 4. Nc3 b6 5. e4 cxd4 6. Nxd4 d6 7. f3 Bb7 8. Be2 a6 9. Be3 Be7 10. 0-0 0-0 11. Qd2 Qc7 12. Rac1 Nbd7 13. Rfd1 Rac8 14. Bf1 Rfe8 15. Kh1 Qb8 16. Bg1 Bd8 17. Nde2 Bc7 18. b4 Rcd8 19. Qg5 Ne5 20. f4 h6 21. Qg3 Nxc4 22. Nd4 b5 23. Qe1 e5 24. Nf5 exf4 25. Qh4 Nxe4 26. Bxc4 bxc4 27. Nxg7 Kxg7 28. Bd4+ Re5 29. Nxe4 Bxe4 30. Rxc4 Kh7 31. Rdc1 Rg8 32. Bxe5 Bxg2+ 33. Kg1 dxe5 34. Rxc7 Bc6+ 35. Kf2 Rg2+ 36. Ke1 Qxb4+ 37. Kf1 Qb5+ 0-1

[Event "Asia-chT (Women) 6th Tata Steel"]
[Site "Kolkata"]
[Date "2009.12.24"]
[Round "3"]
[White "Tay, Li Jin Jeslin"]
[Black "Pourkashiyan, Atousa"]
[Result "0-1"]
[WhiteElo "2099"]
[BlackElo "2306"]
[PlyCount "100"]
[EventDate "2009.12.22"]
[EventType "team-swiss"]
[EventRounds "7"]
[EventCountry "IND"]
[SourceTitle "EXT 2020"]
[Source "ChessBase"]
[SourceDate "2019.10.17"]
[SourceVersion "1"]
[SourceVersionDate "2019.10.17"]
[SourceQuality "1"]
[WhiteTeam "Singapore (W)"]
[BlackTeam "Iran (W)"]
[WhiteTeamCountry "SIN"]
[BlackTeamCountry "IRI"]

1. d4 Nf6 2. c4 e6 3. Nc3 Bb4 4. e3 b6 5. Nge2 c5 6. a3 Ba5 7. Rb1 Na6 8. Bd2 0-0 9. Nf4 Bb7 10. d5 Bxc3 11. Bxc3 Ne4 12. Qc2 Nxc3 13. Qxc3 Nc7 14. Bd3 Qh4 15. Qe5 Rac8 16. g3 Qh6 17. 0-0 g5 18. dxe6 f6 19. Qd6 dxe6 20. Nxe6 Qh3 21. f3 Qxe6 22. Qxe6+ Nxe6 23. Bf5 Rce8 24. Kf2 Re7 25. Rbd1 Rfe8 26. Rfe1 Ng7 27. Bc2 Bc8 28. Ba4 Rf8 29. Rd6 Be6 30. b3 Rb8 31. Red1 Kf7 32. Bc6 Nf5 33. R6d3 Rc7 34. Bd7 Ne7 35. Bxe6+ Kxe6 36. Rd6+ Kf7 37. a4 Re8 38. g4 Ng6 39. R6d5 Rce7 40. R1d3 Ne5 41. Rd1 Nc6 42. R5d3 Nb4 43. Rc3 Ke6 44. h4 gxh4 45. Rh1 Rd8 46. Rxh4 Rd2+ 47. Ke1 Red7 48. e4 Rd1+ 49. Ke2 R7d2+ 50. Ke3 Na2 0-1

[Event "ASEAN-ch U20 Girls 10th"]
[Site "Hue"]
[Date "2009.06.10"]
[Round "6"]
[White "Tay, Li Jin Jeslin"]
[Black "Ngo, Thi Kim Tuyen"]
[Result "1-0"]
[WhiteElo "2068"]
[BlackElo "2074"]
[PlyCount "158"]
[EventDate "2009.06.07"]
[EventType "swiss"]
[EventRounds "9"]
[EventCountry "VIE"]
[SourceTitle "EXT 2010"]
[Source "ChessBase"]
[SourceDate "2010.11.25"]
[SourceVersion "1"]
[SourceVersionDate "2010.11.25"]
[SourceQuality "1"]

1. d4 Nf6 2. c4 e6 3. Nc3 d5 4. Bg5 Nbd7 5. e3 c6 6. Qc2 Qa5 7. Bxf6 Nxf6 8. cxd5 exd5 9. Bd3 Bd6 10. Nf3 0-0 11. 0-0 Re8 12. h3 Bd7 13. Rfc1 Re7 14. Rab1 Rae8 15. Nd2 Bb8 16. Bf5 Qc7 17. Nf1 g6 18. Bxd7 Qxd7 19. b4 a6 20. Na4 Qd6 21. Nc5 Ne4 22. a4 f5 23. b5 axb5 24. axb5 Nxc5 25. Qxc5 Qxc5 26. Rxc5 Bd6 27. Rc3 Rc7 28. bxc6 bxc6 29. Rb6 Rec8 30. Nd2 Kf7 31. Nb3 Ke7 32. g3 Kd7 33. Nc5+ Bxc5 34. Rxc5 g5 35. Kg2 Rf8 36. Kf3 Rf6 37. Rc1 Rh6 38. Kg2 Ra7 39. Rb8 f4 40. exf4 gxf4 41. Rf8 Ra4 42. Rxf4 Rc4 43. Ra1 Kc7 44. Rd1 Kb6 45. Rf7 Ra4 46. Rb1+ Ka6 47. Rf8 Ka7 48. Rf4 Ra5 49. h4 Rb5 50. Rc1 Kb6 51. Rf8 Re6 52. Kf3 Rb3+ 53. Kg4 Rd3 54. Rb1+ Kc7 55. Rb4 Re4+ 56. Rf4 Kd6 57. Kf5 Re8 58. Kg5 Rc3 59. Rf6+ Re6 60. Rxe6+ Kxe6 61. Kf4 h6 62. f3 Rc1 63. Kg4 Kf6 64. Kh5 Rc3 65. Kxh6 Rxf3 66. g4 Rf4 67. g5+ Kf5 68. h5 c5 69. Rb5 cxd4 70. Rxd5+ Ke6 71. Rd8 Ke7 72. Ra8 d3 73. Ra2 Rd4 74. Rd2 Kf8 75. Kg6 Rd6+ 76. Kf5 Rd5+ 77. Kf6 Kg8 78. g6 Rd4 79. h6 Rf4+ 1-0

[Event "Asian Continental op (Women) 08th"]
[Site "Subic Bay"]
[Date "2009.05.14"]
[Round "2"]
[White "Zhang, Xiaowen"]
[Black "Tay, Li Jin Jeslin"]
[Result "1-0"]
[WhiteElo "2340"]
[BlackElo "2068"]
[PlyCount "175"]
[EventDate "2009.05.13"]
[EventType "swiss"]
[EventRounds "11"]
[EventCountry "PHI"]
[SourceTitle "CBM 130 Extra"]
[Source "ChessBase"]
[SourceDate "2009.07.02"]
[SourceVersion "2"]
[SourceVersionDate "2009.07.15"]
[SourceQuality "1"]

1. e4 c5 2. Nf3 d6 3. d4 cxd4 4. Nxd4 Nf6 5. Nc3 a6 6. a4 Nc6 7. Be2 e5 8. Nb3 Be7 9. 0-0 0-0 10. Bg5 Be6 11. Bxf6 Bxf6 12. Nd5 Rc8 13. Bg4 Bg5 14. a5 Ne7 15. Bxe6 fxe6 16. Nb6 Rc6 17. Qg4 Ng6 18. Qxe6+ Kh8 19. c3 Rf6 20. Qd7 Qxd7 21. Nxd7 Rf4 22. Rfe1 Bd8 23. Rad1 Bc7 24. Rd2 h6 25. g3 Rf7 26. Nb6 Ne7 27. Nd5 Nxd5 28. Rxd5 b6 29. Kg2 bxa5 30. Nxa5 Bxa5 31. Rxa5 Rb7 32. Re2 g5 33. h3 Kg7 34. Rd2 Rf7 35. Rad5 Rf6 36. Rd1 Rb6 37. R5d2 Kf7 38. Ra1 Ke6 39. b4 Rf7 40. Ra3 Rc7 41. Kf3 h5 42. Ke2 Rbc6 43. Rd3 g4 44. hxg4 hxg4 45. f3 Rg7 46. Ra1 gxf3+ 47. Kxf3 Rgc7 48. Ra3 Rg7 49. Ke2 Rb7 50. Kd2 Rb5 51. Ra1 a5 52. Rxa5 Rxa5 53. bxa5 Rc4 54. Ke3 Rc5 55. Rd5 Rxc3+ 56. Rd3 Rc7 57. g4 Rc5 58. Ra3 Rc7 59. a6 Ra7 60. Kd3 Kd7 61. g5 Kc7 62. Kc4 Kb8 63. Kb5 Rg7 64. Rf3 Rxg5 65. Rf8+ Ka7 66. Rf7+ Ka8 67. Kb6 Rg8 68. Ra7+ Kb8 69. Rd7 Re8 70. Rxd6 Ka8 71. Kc5 Rh8 72. Re6 Ka7 73. Kd5 Rh5 74. Rxe5 Rh1 75. Re6 Rd1+ 76. Ke5 Rf1 77. Rd6 Rh1 78. Kd5 Rd1+ 79. Ke6 Rh1 80. e5 Rh6+ 81. Kf7 Rh7+ 82. Kg6 Rh2 83. e6 Re2 84. Kf7 Rf2+ 85. Ke8 Rh2 86. e7 Rh8+ 87. Kd7 Rd8+ 88. Kxd8 1-0

[Event "SIN-ch"]
[Site "Singapore"]
[Date "2009.01.06"]
[Round "5"]
[White "Chua, Xing Jian Graham"]
[Black "Tay, Li Jin Jeslin"]
[Result "1-0"]
[WhiteElo "2211"]
[BlackElo "2090"]
[PlyCount "89"]
[EventDate "2009.01.03"]
[EventType "swiss"]
[EventRounds "9"]
[EventCountry "SIN"]
[SourceTitle "CBM 128 Extra"]
[Source "ChessBase"]
[SourceDate "2009.03.05"]
[SourceVersion "2"]
[SourceVersionDate "2009.03.25"]
[SourceQuality "1"]

1. g3 d5 2. Nf3 c6 3. Bg2 e6 4. 0-0 Nd7 5. d3 Bd6 6. Nbd2 b5 7. e4 Ne7 8. b3 0-0 9. Bb2 a5 10. a3 Bb7 11. c4 Rb8 12. Qc2 Ba6 13. Rfe1 Rb7 14. e5 Bc7 15. c5 b4 16. a4 Qb8 17. d4 Ng6 18. h4 Re8 19. h5 Ngf8 20. h6 gxh6 21. Nf1 Ng6 22. Qd2 Qd8 23. N1h2 h5 24. Qh6 f6 25. exf6 Nxf6 26. Bh3 Ne4 27. Rxe4 dxe4 28. Ng5 Be5 29. dxe5 Qd2 30. Bc1 Qc3 31. Nxh7 Rxh7 32. Qxg6+ Kf8 33. Bh6+ Rxh6 34. Qxh6+ Ke7 35. Qxe6+ Kf8 36. Qf6+ Kg8 37. Be6+ Kh7 38. Rd1 Bd3 39. Qf5+ Kh6 40. Qf6+ Kh7 41. Qf7+ Kh6 42. Qxe8 Qc2 43. Qf8+ Kg6 44. Bf5+ Kg5 45. Qf6# 1-0

[Event "ASEAN Circuit IM (Women)"]
[Site "Tarakan"]
[Date "2008.01.19"]
[Round "11"]
[White "Bernales, Christy Lamiel"]
[Black "Tay, Li Jin Jeslin"]
[Result "0-1"]
[WhiteElo "1933"]
[BlackElo "2050"]
[PlyCount "46"]
[EventDate "2008.01.08"]
[EventType "tourn"]
[EventRounds "11"]
[EventCountry "INA"]
[SourceTitle "CBM 122 Extra"]
[Source "ChessBase"]
[SourceDate "2008.03.04"]
[SourceVersion "1"]
[SourceVersionDate "2008.03.04"]
[SourceQuality "1"]

1. e4 c5 2. Nc3 a6 3. f4 b5 4. a3 Bb7 5. d3 e6 6. Nf3 Nf6 7. Be2 Be7 8. 0-0 d5 9. e5 Nfd7 10. Qe1 Qb6 11. Kh1 Nc6 12. Bd2 h6 13. f5 0-0-0 14. Qg3 Rdg8 15. Rae1 g5 16. Bd1 Qc7 17. fxe6 fxe6 18. Qg4 Nd8 19. Qh5 Bc6 20. Nb1 Nb6 21. Ba5 g4 22. Bxb6 Qxb6 23. Ng1 Be8 0-1

[Event "ASEAN Circuit IM (Women)"]
[Site "Tarakan"]
[Date "2008.01.17"]
[Round "9"]
[White "Handoko, Edhi"]
[Black "Tay, Li Jin Jeslin"]
[Result "1-0"]
[WhiteElo "2437"]
[BlackElo "2050"]
[PlyCount "103"]
[EventDate "2008.01.08"]
[EventType "tourn"]
[EventRounds "11"]
[EventCountry "INA"]
[SourceTitle "CBM 122 Extra"]
[Source "ChessBase"]
[SourceDate "2008.03.04"]
[SourceVersion "1"]
[SourceVersionDate "2008.03.04"]
[SourceQuality "1"]

1. e4 c5 2. c3 d5 3. exd5 Qxd5 4. d4 Nc6 5. Nf3 Bg4 6. Be2 e6 7. c4 Qd6 8. d5 Bxf3 9. Bxf3 Nd4 10. 0-0 e5 11. Nc3 Nf6 12. Be3 Be7 13. Bxd4 cxd4 14. Nb5 Qb6 15. Re1 a6 16. Na3 Qc7 17. b4 Rd8 18. Qa4+ Qd7 19. Qb3 Qf5 20. c5 e4 21. d6 Bxd6 22. cxd6 0-0 23. Bd1 Rxd6 24. Rc1 Nd5 25. Rc5 Rfd8 26. Nc2 Qg6 27. Qg3 b6 28. Rc4 Nc3 29. Qe5 f6 30. Qe7 f5 31. Nxd4 Nxd1 32. Rxd1 Qf6 33. Qxf6 gxf6 34. b5 axb5 35. Rb4 Kf7 36. g3 Rd5 37. Kf1 Ra8 38. Rb2 Ra3 39. Ke2 Ra5 40. Rdd2 Kg6 41. Ne6 Rxd2+ 42. Rxd2 Ra7 43. Nd4 h5 44. h4 f4 45. gxf4 Ra3 46. f5+ Kh6 47. Nb3 Ra7 48. Ke3 Re7 49. Rd6 Re5 50. Rxf6+ Kg7 51. Rg6+ Kf7 52. Kf4 1-0

[Event "ASEAN Circuit IM (Women)"]
[Site "Tarakan"]
[Date "2008.01.15"]
[Round "7"]
[White "Chan, Wei Yi Victoria"]
[Black "Tay, Li Jin Jeslin"]
[Result "0-1"]
[WhiteElo "1876"]
[BlackElo "2050"]
[PlyCount "110"]
[EventDate "2008.01.08"]
[EventType "tourn"]
[EventRounds "11"]
[EventCountry "INA"]
[SourceTitle "CBM 122 Extra"]
[Source "ChessBase"]
[SourceDate "2008.03.04"]
[SourceVersion "1"]
[SourceVersionDate "2008.03.04"]
[SourceQuality "1"]

1. d4 d5 2. c4 e6 3. Nc3 c6 4. Nf3 dxc4 5. a4 Bb4 6. e4 b5 7. Be2 Nf6 8. Qc2 Bb7 9. 0-0 a6 10. Bg5 h6 11. Bh4 Nbd7 12. Rfd1 Qb6 13. e5 g5 14. exf6 Bxc3 15. bxc3 gxh4 16. Nxh4 Nxf6 17. Bf3 0-0-0 18. axb5 cxb5 19. Bxb7+ Qxb7 20. Qb2 Nd5 21. Qa3 Qc6 22. Nf3 Nf4 23. Qxa6+ Qxa6 24. Rxa6 Kb7 25. Rda1 Ra8 26. Rxa8 Rxa8 27. Rxa8 Kxa8 28. Kf1 Nd5 29. Ne5 f5 30. Ke1 Nxc3 31. f3 Nd5 32. Kd2 Ka7 33. Nd7 Nc7 34. Kc3 Ka6 35. Kb4 Nd5+ 36. Ka3 Ka5 37. Nc5 b4+ 38. Kb2 Nc7 39. Nb7+ Kb6 40. Nd6 c3+ 41. Kb3 Nd5 42. Nc4+ Kb5 43. Nd6+ Kc6 44. Nc4 Nf4 45. Ne3 Nd3 46. g4 fxg4 47. fxg4 Kb5 48. h4 Nc1+ 49. Kc2 Ne2 50. d5 exd5 51. Nxd5 Nd4+ 52. Kc1 Kc4 53. Ne3+ Kd3 54. Nd1 Ne2+ 55. Kb1 c2+ 0-1

[Event "ASEAN Circuit IM (Women)"]
[Site "Tarakan"]
[Date "2008.01.12"]
[Round "5"]
[White "Tay, Li Jin Jeslin"]
[Black "Nguyen Thi Mai, Hung"]
[Result "1/2-1/2"]
[WhiteElo "2050"]
[BlackElo "2062"]
[PlyCount "89"]
[EventDate "2008.01.08"]
[EventType "tourn"]
[EventRounds "11"]
[EventCountry "INA"]
[SourceTitle "CBM 122 Extra"]
[Source "ChessBase"]
[SourceDate "2008.03.04"]
[SourceVersion "1"]
[SourceVersionDate "2008.03.04"]
[SourceQuality "1"]

1. d4 d5 2. c4 c6 3. Nf3 Nf6 4. Qc2 e6 5. Bg5 Nbd7 6. e3 Bd6 7. Nc3 0-0 8. 0-0-0 Qc7 9. Bd3 dxc4 10. Bxc4 h6 11. Bxf6 Nxf6 12. e4 e5 13. dxe5 Bxe5 14. Nxe5 Qxe5 15. Kb1 Be6 16. Bd3 Rad8 17. g3 Bg4 18. Be2 Bxe2 19. Qxe2 Rfe8 20. f4 Qe6 21. Rhe1 Nxe4 22. Nxe4 Qxe4+ 23. Qxe4 Rxd1+ 24. Rxd1 Rxe4 25. Rd8+ Kh7 26. Rd7 b5 27. Rxf7 a5 28. Rc7 Re1+ 29. Kc2 Re2+ 30. Kc1 Rxh2 31. Rxc6 Rg2 32. Rc5 Rxg3 33. Rxb5 Rf3 34. f5 h5 35. Rxa5 Rf4 36. Kd2 h4 37. Ke3 Rb4 38. b3 h3 39. Kf2 Rg4 40. Rc5 Rg2+ 41. Kf3 Rxa2 42. Rc1 Rb2 43. Rh1 Rxb3+ 44. Kg4 Kh6 45. Kh4 1/2-1/2

[Event "ASEAN Circuit IM (Women)"]
[Site "Tarakan"]
[Date "2008.01.09"]
[Round "2"]
[White "Sadikin The, Irwanto"]
[Black "Tay, Li Jin Jeslin"]
[Result "1-0"]
[WhiteElo "2456"]
[BlackElo "2050"]
[PlyCount "74"]
[EventDate "2008.01.08"]
[EventType "tourn"]
[EventRounds "11"]
[EventCountry "INA"]
[SourceTitle "CBM 122 Extra"]
[Source "ChessBase"]
[SourceDate "2008.03.04"]
[SourceVersion "1"]
[SourceVersionDate "2008.03.04"]
[SourceQuality "1"]

1. d4 d5 2. Nf3 c6 3. c4 e6 4. Nc3 Nf6 5. Bg5 dxc4 6. e4 b5 7. e5 h6 8. Bh4 g5 9. Nxg5 hxg5 10. Bxg5 Nbd7 11. g3 Bb7 12. Bg2 Qb6 13. exf6 c5 14. d5 b4 15. Na4 Qd6 16. Bf4 e5 17. Be3 Qxf6 18. 0-0 Bd6 19. Qg4 Ba6 20. a3 Bb5 21. axb4 cxb4 22. Rfc1 Qd8 23. Bf1 Nf6 24. Qd1 Bd7 25. Bg5 Rg8 26. Bh4 Rh8 27. Rxc4 Bb5 28. Re4 Bxf1 29. Qxf1 Nxe4 30. Bxd8 Rxd8 31. Qd3 Ng5 32. h4 Nh7 33. Nc5 Rb8 34. Ne4 Rb6 35. Rxa7 Bb8 36. Ra6 Rb7 37. Qc4 Kd8 1-0

[Event "SGP-ch 60th"]
[Site "Singapore"]
[Date "2008.01.04"]
[Round "8"]
[White "Tay, Li Jin Jeslin"]
[Black "Khegay, Anjela"]
[Result "0-1"]
[WhiteElo "2050"]
[BlackElo "2218"]
[PlyCount "92"]
[EventDate "2007.12.29"]
[EventType "swiss"]
[EventRounds "9"]
[EventCountry "SIN"]
[SourceTitle "EXT 2022"]
[Source "ChessBase"]
[SourceDate "2021.10.06"]
[SourceVersion "1"]
[SourceVersionDate "2021.10.06"]
[SourceQuality "1"]

1. d4 Nf6 2. c4 g6 3. Nc3 Bg7 4. e4 d6 5. h3 0-0 6. Bg5 Na6 7. Bd3 e5 8. d5 Qe8 9. Nge2 Bd7 10. Qd2 Nc5 11. Bc2 Nh5 12. g4 Nf4 13. Bxf4 exf4 14. Qxf4 b5 15. b4 Nb7 16. Qe3 a5 17. Rb1 axb4 18. Rxb4 Nc5 19. cxb5 Ra3 20. Nd4 f5 21. gxf5 gxf5 22. Nb3 Qe5 23. Nb1 Rxa2 24. Nxc5 dxc5 25. Qxc5 fxe4 26. Rxe4 Qb2 27. Kd1 Bf5 28. Re2 Bxc2+ 29. Qxc2 Qd4+ 30. Rd2 Rxc2 31. Rxd4 Rb2 32. Rc4 Rxb1+ 33. Rc1 Rxb5 34. Rxc7 Rxd5+ 35. Ke2 Re8+ 36. Kf1 Rd1+ 37. Kg2 Rd2 38. Rg1 Kh8 39. Kf3 Rf8+ 40. Ke3 Bh6+ 41. Ke4 Re8+ 42. Kf5 Rxf2+ 43. Kg4 Rg8+ 44. Kh5 Rxg1 45. Kxh6 Rg6+ 46. Kh5 Kg8 0-1

[Event "SGP-ch 60th"]
[Site "Singapore"]
[Date "2008.01.02"]
[Round "6"]
[White "Tay, Li Jin Jeslin"]
[Black "Shanmugam, Ravindran"]
[Result "0-1"]
[WhiteElo "2050"]
[BlackElo "2163"]
[PlyCount "162"]
[EventDate "2007.12.29"]
[EventType "swiss"]
[EventRounds "9"]
[EventCountry "SIN"]
[SourceTitle "EXT 2022"]
[Source "ChessBase"]
[SourceDate "2021.10.06"]
[SourceVersion "1"]
[SourceVersionDate "2021.10.06"]
[SourceQuality "1"]

1. d4 d5 2. c4 c6 3. Nf3 e6 4. Qc2 dxc4 5. Qxc4 b5 6. Qc2 Bb7 7. e4 a6 8. a4 Nd7 9. Bd3 Ngf6 10. Nbd2 Rc8 11. 0-0 Be7 12. Qb1 b4 13. Re1 h6 14. Nc4 0-0 15. Bf4 c5 16. Nd6 Bxd6 17. Bxd6 Re8 18. Qd1 Nxe4 19. Bxe4 Bxe4 20. Ne5 Nxe5 21. dxe5 Bd5 22. a5 Qg5 23. f3 b3 24. Qe2 c4 25. Bb4 Red8 26. Rad1 Bc6 27. Rd6 Bb5 28. Bc3 Rxd6 29. exd6 Qc5+ 30. Kh1 Qxd6 31. Rd1 Qe7 32. Qd2 e5 33. Qd5 Qc5 34. Qxe5 Qxe5 35. Bxe5 Re8 36. Bc3 Re2 37. Kg1 Kh7 38. Kf1 Rc2 39. Kg1 Kg6 40. Rd2 f6 41. Kf2 Kf7 42. Ke1 Ba4 43. Rxc2 bxc2 44. Kd2 Ke6 45. Bb4 h5 46. g3 Kf5 47. Kc1 g5 48. Be1 g4 49. fxg4+ hxg4 50. Bc3 Ke6 51. Bd4 f5 52. Kd2 Kd5 53. Be3 Ke4 54. Ke2 c3 55. bxc3 Bb5+ 56. Kf2 Kd3 57. Bc1 Kc4 58. Ke3 Bc6 59. Kd2 Be4 60. Ke3 Kb5 61. c4+ Kxa5 62. Kd4 Kb4 63. c5 a5 64. Ke3 Kxc5 65. Kd2 Kc4 66. Bb2 Kb3 67. Kc1 a4 68. Be5 a3 69. Ba1 Bc6 70. Be5 Ba4 71. Bg7 Kc4 72. Kd2 Kd5 73. Bh6 Ke4 74. Kc3 Kf3 75. Bc1 a2 76. Kb2 Bb3 77. Bf4 Kg2 78. Ka1 Kxh2 79. Kb2 Kg2 80. Ka1 c1R+ 81. Bxc1 Kxg3 0-1

[Event "SGP-ch 60th"]
[Site "Singapore"]
[Date "2007.12.31"]
[Round "5"]
[White "Chua, Xing Jian Graham"]
[Black "Tay, Li Jin Jeslin"]
[Result "1-0"]
[WhiteElo "2065"]
[BlackElo "2050"]
[PlyCount "117"]
[EventDate "2007.12.29"]
[EventType "swiss"]
[EventRounds "9"]
[EventCountry "SIN"]
[SourceTitle "EXT 2022"]
[Source "ChessBase"]
[SourceDate "2021.10.06"]
[SourceVersion "1"]
[SourceVersionDate "2021.10.06"]
[SourceQuality "1"]

1. e4 c5 2. Nf3 d6 3. Bb5+ Nd7 4. d4 Ngf6 5. 0-0 a6 6. Bxd7+ Nxd7 7. Nc3 e6 8. Bg5 Qc7 9. d5 e5 10. a4 h6 11. Be3 Be7 12. Nd2 0-0 13. g3 f5 14. exf5 Rb8 15. a5 b6 16. axb6 Nxb6 17. g4 Bf6 18. Nde4 Bb7 19. b3 Rbd8 20. Qd2 Qf7 21. Rad1 Bc8 22. f3 Be7 23. h3 Na8 24. Qf2 Bb7 25. Rd2 Nc7 26. Rfd1 Nb5 27. Nxb5 axb5 28. f4 exf4 29. Bxf4 Rd7 30. Qg3 Rfd8 31. c4 bxc4 32. bxc4 Ba6 33. Qc3 Bf6 34. Nxf6+ Qxf6 35. Qc2 Re7 36. Re2 Rde8 37. Re6 Rxe6 38. dxe6 Rxe6 39. fxe6 Qxf4 40. Qf2 Qxf2+ 41. Kxf2 Bxc4 42. Rxd6 Kf8 43. Rc6 Ke7 44. Ke3 Bxe6 45. Rxc5 Kf6 46. Kf4 Bd7 47. h4 g6 48. Ra5 Bc8 49. Rb5 Bd7 50. Rb6+ Be6 51. g5+ hxg5+ 52. hxg5+ Ke7 53. Ke5 Bf5 54. Rb7+ Kf8 55. Kf6 Kg8 56. Rg7+ Kf8 57. Rxg6 Bxg6 58. Kxg6 Kg8 59. Kf6 1-0